| 000 | 00605nam a22001577a 4500 | ||
|---|---|---|---|
| 005 | 20250206170719.0 | ||
| 008 | 241026b |||||||| |||| 00| 0 eng d | ||
| 100 |
_aStrochlic, Nina. _eauthor. _963490 |
||
| 245 |
_aA beach for all / _cNina Strochlic, and Ismail Ferdous. |
||
| 260 |
_aWashington ; _bNational Geographic Partners, LLC., _cSeptember 2022. |
||
| 300 |
_avolume 241, pages 126-133, _billustration. |
||
| 500 | _aNational Geographic, v. 242, n. 3, pages 126-133, September 2022. | ||
| 700 |
_aStrochlic, Nina. _eauthor. _963489 |
||
| 700 |
_aFerdous, Ismail. _eauthor. _963491 |
||
| 942 |
_2ddc _cPER |
||
| 999 |
_c22936 _d22936 |
||